Welcome to the Holygrace Academy Library

Please use search bar below to get started

SLIME LAKE (Record no. 6570)

MARC details
000 -LEADER
fixed length control field 00624nam a22001457a 4500
020 ## - INTERNATIONAL STANDARD BOOK NUMBER
ISBN 0-533-48333-1
082 ## - DEWEY DECIMAL CLASSIFICATION NUMBER
Classification number 823
Item number STO/G
100 ## - MAIN ENTRY--AUTHOR NAME
Personal name STONE, TOM.B
245 ## - TITLE STATEMENT
Title SLIME LAKE
Remainder of title GRAVEYARD SCHOOL
260 ## - PUBLICATION, DISTRIBUTION, ETC. (IMPRINT)
Place of publication NEW YORK
Name of publisher DELL PUBLISHING GROUP
Year of publication 1995
300 ## - PHYSICAL DESCRIPTION
Number of Pages 102
520 ## - SUMMARY, ETC.
Summary, etc Even though their uncle is an old grouch, Marc and Terri,enjoy the lake and their summer friends in Grove Hill. But this summer is different. Suddenly the once placid lake has motorboats, fishermen, and crowds. Even worse is the gross green slime that's been popping up on boats and docks and swimmers.
650 ## - SUBJECT ADDED ENTRY--TOPICAL TERM
Topical Term SHORT STORY
942 ## - ADDED ENTRY ELEMENTS (KOHA)
Koha item type Books
Holdings
Withdrawn status Lost status Collection code Home library Current library Shelving location Date acquired Source of acquisition Full call number Accession Number Koha item type
    Fiction Main Library Main Library SHELF 15-L-CHILDREN'S STORYBOOKS 01/05/2009 Purchase 823 STO/G 03626 Books